000 01137nam a22003850a 4500
001 UByD000475
003 AR-LpoUNG
005 20220520182653.0
008 220519s1967||||ag |||||||||||||||||spa d
040 _aAR-LpoUNG
_bspa
_cAR-LpoUNG
_eaacr
041 _aspa
044 _aag
082 0 _a910.82 13gui
100 1 _aKaiser, Emilio
245 1 0 _aGuía balneológica de lagunas y termas argentinas
260 _aBuenos Aires :
_bSandoz Argentina,
_c1967.
300 _a128 p.
590 _bEjemplar 00066855, p. 98-99, contiene:
_atarjeta personal de profesional de la odontología; fragmento de papel con anotaciones manuscritas, contiene fechas y números.
650 4 _aARGENTINA
650 4 _aASPECTOS GEOGRAFICOS
650 4 _aGEOLOGIA
650 4 _aCOMUNIDADES
650 4 _aDISTRIBUCION GEOGRAFICA
650 4 _aESTUDIOS DE CASOS
650 4 _aGEOGRAFIA
650 4 _aGEOGRAFIA HUMANA
650 4 _aGESTION AMBIENTAL
650 4 _aINVESTIGACION
650 4 _aPOBLACION
650 4 _aGUIAS
650 4 _aAGUAS TERMALES
650 4 _aZONAS COSTERAS
905 _a48692
942 _cLIB
_2ddc
999 _c63160
_d63160